| 000 | 01707nam a2200373 a 4500 | ||
|---|---|---|---|
| 001 | ebr10495437 | ||
| 003 | CaPaEBR | ||
| 006 | m u | ||
| 007 | cr cn||||||||| | ||
| 008 | 870421s1987 dcuab sb 001 0 eng d | ||
| 010 | _z 87011251 //r942 | ||
| 020 | _z030903731X (pbk.) | ||
| 020 | _z9780309037310 | ||
| 040 |
_aCaPaEBR _cCaPaEBR |
||
| 035 | _a(OCoLC)759159830 | ||
| 043 |
_aa-cc--- _an-us--- |
||
| 050 | 1 | 4 |
_aLB2376.3.C6 _bT87 1987eb |
| 082 | 0 | 4 |
_a370.19/6 _219 |
| 100 | 1 | _aTurner-Gottschang, Karen. | |
| 245 | 1 | 0 |
_aChina bound _h[electronic resource] : _ba guide to academic life and work in the PRC / _cKaren Turner-Gottschang ; with Linda A. Reed ; for the Committee on Scholarly Communication with the People's Republic of China, National Academy of Sciences, American Council of Learned Societies, Social Science Research Council. |
| 260 |
_aWashington, D.C. : _bNational Academy Press, _c1987. |
||
| 300 |
_axvi, 224 p. : _bill., map. |
||
| 504 | _aIncludes bibliographical references (p. 211-213) and index. | ||
| 533 |
_aElectronic reproduction. _bPalo Alto, Calif. : _cebrary, _d2011. _nAvailable via World Wide Web. _nAccess may be limited to ebrary affiliated libraries. |
||
| 650 | 0 |
_aForeign study _zChina. |
|
| 650 | 0 |
_aAmerican students _zChina. |
|
| 650 | 0 |
_aTeachers, Foreign _zChina. |
|
| 651 | 0 |
_aChina _xDescription and travel. |
|
| 655 | 7 |
_aElectronic books. _2local |
|
| 700 | 1 | _aReed, Linda A. | |
| 710 | 2 | _aCommittee on Scholarly Communication with the People's Republic of China (U.S.) | |
| 710 | 2 | _aebrary, Inc. | |
| 856 | 4 | 0 |
_uhttp://site.ebrary.com/lib/rucke/Doc?id=10495437 _zAn electronic book accessible through the World Wide Web; click to view |
| 999 |
_c130579 _d130579 |
||